Un mois dans les Alpes: de Genève a Nice
Guardat en:
| Autor principal: | |
|---|---|
| Format: | Llibre |
| Idioma: | francès |
| Publicat: |
París
Hachette
1922
|
| Matèries: | |
| Etiquetes: |
Afegir etiqueta
Sense etiquetes, Sigues el primer a etiquetar aquest registre!
|
MARC
| LEADER | 00000nam a2200000 a 4500 | ||
|---|---|---|---|
| 001 | UCZ7674 | ||
| 003 | CL-VaPUC | ||
| 008 | 960109e19220000FR |||||||||||||||||fre|d | ||
| 082 | 0 | 4 | |a 914 |b DAU |2 21 |
| 100 | 0 | |a Dauzat, Albert |e author |9 352660 | |
| 245 | 1 | 3 | |a Un mois dans les Alpes: de Genève a Nice |
| 300 | |a 256 p | ||
| 942 | |c BK | ||
| 945 | |d 19960109 00:00:00 |a rleighto | ||
| 260 | |a París |b Hachette |c 1922 | ||
| 650 | 0 | |a Geografía |9 259346 | |
| 650 | 7 | |a MONTAÑAS |2 CL-VaPUC |9 351402 | |
| 650 | 0 | |a Turismo |9 308920 | |
| 651 | 7 | |a LOS ALPES |2 CL-VaPUC |9 352661 | |
| 651 | 7 | |a GENOVA |2 CL-VaPUC |9 332648 | |
| 651 | 7 | |a NIZA |2 CL-VaPUC |9 352662 | |
| 583 | |a last modification |c 19960109 00:00:00 |k Rodrigo Vera | ||
| 999 | |c 243718 |d 243716 | ||